| 000 | 01001cab a22002775a 4500 | ||
|---|---|---|---|
| 001 | L160043 | ||
| 008 | 150113e2016 xxk 000 0 eng d | ||
| 035 | _a(Sirsi) u160043 | ||
| 041 | 0 | _aeng | |
| 050 | _a690.241 | ||
| 100 | 1 | _aKlahn, John | |
| 245 | 0 | 0 |
_aBuilding on our heritage _h[electronic resource] |
| 260 |
_aLondon _bRICS _c2016 |
||
| 490 |
_aRICS Building Surveying Journal _vMarch 2016 - April 2016, 28-29(2) |
||
| 520 | _aLooks at how RICS is highlighting the role of its members in conservation. | ||
| 650 | 2 | 4 | _aHISTORIC BUILDINGS |
| 650 | 2 | 4 | _aCONSERVATION |
| 650 | 2 | 4 | _aABOUT RICS |
| 651 | 4 |
_aUnited Kingdom _y |
|
| 690 | _aConservation and restoration | ||
| 700 | 1 | _aMallett, Robert | |
| 700 | 1 | _aCripps, A. | |
| 856 | 4 | 0 |
_uhttps://www.rics.org/Global/BSJ-BCJ%20March-April%202016_v2.pdf _zView the article free of charge at www.rics.org... |
| 856 | 4 | 0 |
_uhttps://www.rics.org/Global/BSJ-BCJ%20March-April%202016_v2.pdf _yAvailable free online via Issuu |
| 942 |
_n0 _2ddc |
||
| 999 |
_c85158 _d85158 |
||